header

The twenty-first-century media industry (Record no. 81761)

MARC details
000 -LEADER
fixed length control field 01424nam a2200349Ia 4500
082 04 - DEWEY DECIMAL CLASSIFICATION NUMBER
Classification number 302.23
245 04 - TITLE STATEMENT
Title The twenty-first-century media industry
260 ## - PUBLICATION, DISTRIBUTION, ETC. (IMPRINT)
Place of publication Lanham, Md. :
Name of publisher Lexington Books,
Year of publication c2010.
300 ## - PHYSICAL DESCRIPTION
Number of Pages xiv, 296 p.
490 1# - SERIES STATEMENT
Series statement Studies in new media
650 #0 - SUBJECT ADDED ENTRY--TOPICAL TERM
Topical Term Mass media
Topical Term Digital media
Topical Term Digital media
700 1# - ADDED ENTRY--PERSONAL NAME
Personal name Hendricks, John Allen.
856 40 - ELECTRONIC LOCATION AND ACCESS
Uniform Resource Identifier http://site.ebrary.com/lib/rucke/Doc?id=10404837

No items available.

© 2026 Rongo University
Contact us: librarian | system librarian | Rongo university